Spolupráca sa vytráca? Bodaj by to bola biela vrana!

Podrobná bibliografia
Hlavný autor: (red) (Autor)
Médium: Článok
Jazyk:slovenčina
Fyzický popis:Fotogr. 1
Predmet:

MARC

LEADER 00000nab a2200000 a 4500
001 vtls000472742
003 SK-MaSNL
005 20260303004843.0
008 120926c1992 xo 0 slo
015 |a SNBRB19rr/mm-uuuuu 
035 |a CL0472876 
040 |a SNKBUCL  |b slo  |c SNKBUCL  |e AACR2 
041 0 |a slo 
044 |a xo  |c SK 
080 |a 629.113:658.1  |2 1981 
100 1 |a (red)  |4 aut  |9 848321 
245 1 0 |a Spolupráca sa vytráca?  |b Bodaj by to bola biela vrana!  |c (red) 
300 |b Fotogr. 1 
650 0 7 |a Výroba automobilov Bánovce, a.s., Bánovce nad Bebravou  |2 snkbucl  |9 984353 
651 7 |a 5209  |2 snkbucl  |9 278890 
655 7 |a články z novín a časopisov  |2 snkbucl  |9 267496 
773 0 |t Technické noviny  |g Roč. 40, č. 42 (1992), s. 1 a 9 
850 |a Slovenská národná knižnica v Martine  |a MTA001 
852 |a SNK  |b KIS3GCP 
958 |a RK 
992 |a RBX 
999 |c 1579679  |d 1581609